000 00325nam a22001457a 4500
008 210511b ||||| |||| 00| 0 eng d
020 _a716723640019
041 _aeng
080 _a541
082 _a541
100 _a12
101 _aKIM
245 _aThe Elements of Physical Chemistry
_cP. W. Atkins
942 _2udc
_cBK
999 _c57212
_d57212